| 000 | 01162nam0a22003251 4500 | ||
|---|---|---|---|
| 001 | v19\rc\1653071 | ||
| 005 | 20250619003801.0 | ||
| 035 | _a(NLR Aleph) 004764066 | ||
| 090 |
_a4596979 _c4596979 |
||
| 100 | _a20061002d1881 |||y0rusy50 ca | ||
| 101 | 0 | _arus | |
| 102 | _aRU | ||
| 105 | _ay j ||||| | ||
| 200 | 1 |
_aУчебник практической логики, изложенный применительно к разбору образцов словесности в средних учебных заведениях _fСост. И.С. Боровский |
|
| 210 |
_aСанкт-Петербург _cтип. (б.) А.М. Котомина _d1881 |
||
| 215 |
_aXVI, 116, III с. _d21 |
||
| 700 | 1 |
_aБоровский _bИ.С. _f1850-1901 _gИван Сергеевич _4220 |
|
| 801 | 0 |
_aRU _bNLR _gpsbo |
|
| 801 | 0 |
_aRU _bRuMoRGB _2psbo |
|
| 801 | 1 |
_aRU _bProSoft-M _2rusmarc |
|
| 852 |
_aNLR _j18.141.4.22 |
||
| 899 |
_aRuMoRGB _jP 56/917 |
||
| 899 |
_aRuMoRGB _jU 304/95 |
||
| 899 |
_aRuMoRGB _jU 377/451 |
||
| 899 |
_aRuMoRGB _jФ 1-82/9450 |
||
| 899 | _aБАН | ||
| 899 | _aНБ СПбГУ | ||
| 899 | _aНБ МГУ | ||
| 942 | _cBOOK | ||
| 980 | _aNB | ||